000 00727nam a22001937a 4500
003 OSt
005 20250717035331.0
008 250717b |||||||| |||| 00| 0 eng d
020 _a978-6621-416-147-8
040 _aDWC-Main Lib
_cOC
082 _aFil. 657.835 P984p 2025
100 _aPunzalan, Angelito R.
245 _aProcedural and comprehensive on government accounting ( for accounting student and CPA examinees)/
_cAngelito R. Punzalan
260 _aSampaloc, Manila, Philippines :
_bGIC enterprises & Co. Inc.,
_cc2025.
300 _a499 pages :
_billustrations ;
_c23cm.
650 _a1. Government accounting- Philippines
650 _a2. Public Finance- Philippines- Accounting
942 _2ddc
_cBK - FIL
_kFil.
_n0
999 _c3737
_d3737